|
|
|
|
| LEADER |
00000nam a22000007a 4500 |
| 005 |
20190521213615.0 |
| 007 |
cr|||| |||| |
| 008 |
190521s2016 co |||||s|||| 00||0 spa d |
| 020 |
|
|
|a 978-958-774-405-7
|
| 035 |
|
|
|a 23330
|
| 040 |
|
|
|a vLex
|
| 090 |
|
|
|c 8791
|d 8791
|
| 100 |
1 |
|
|a Alviar Garca̕, Helena
|
| 245 |
1 |
2 |
|a El estado regulador en Colombia
|h [Recurso electrn̤ico] /
|c Helena Alviar Garca̕, Everaldo Lamprea
|
| 256 |
|
|
|a Servicio en ln̕ea
|
| 260 |
|
|
|a Bogot:̀
|b Universidad de Los Andes (Colombia),
|c 2016
|
| 300 |
|
|
|a 1 recurso electrn̤ico
|
| 500 |
|
|
|a La creciente importancia que tiene la regulacin̤ en las agendas de polt̕icas pb︢licas nacionales y transnacionales se debe, en buena medida, a la rp̀ida difusin̤ global del modelo de Estado regulador. Sin embargo, veinticinco aǫs despuš de que la Constitucin̤ Polt̕ica adoptara la regulacin̤ como la herramienta para gobernar la economa̕, es poco lo que sabemos sobre la forma como funciona, no solo en las normas jurd̕icas sino tambiň en la prc̀tica, el Estado regulador colombiano.Los artc̕ulos reunidos en esta obra, por una parte, sugieren que antes de ofrecer fr̤mulas y soluciones debemos entender, a travš de anl̀isis contextuales capaces de reflejar las particularidades de los regm̕enes reguladores locales, la dimensin̤ de la crisis del Estado regulador en Colombia. Y, por otra, ofrecen algunas lecciones que el diseądor de polt̕icas pb︢licas puede tener en cuenta al momento de avanzar hacia un fortalecimiento del Estado regulador en Colombia.
|
| 506 |
1 |
|
|a Disponible solo en los productos indicados
|d vLex Global
|d vLex Global (Academic Edition, excluding Law Schools)
|d vLex Global (U.S. Academic Edition, Law Schools)
|d vLex Global (U.S. Academic Edition, excluding Law Schools)
|d vLex Global (Academic Edition, Law Schools)
|
| 650 |
0 |
4 |
|a Comercio
|z Colombia
|
| 700 |
1 |
|
|a Lamprea, Everaldo
|
| 740 |
0 |
|
|a vLex Libros (Servicio en ln̕ea)
|
| 856 |
4 |
0 |
|u http://vlex.com/source/estado-regulador-en-colombia-23330
|z Acceso restringido
|
| 942 |
|
|
|c BOOK
|
| 999 |
0 |
|
|a Commerce
|